000 00851nam a22001815i 4500
001 160539
003 ES-MaACL
005 20230906212049.0
008 020124s1871 sp |||| | spa d
100 1 _aNavarro, Calisto.
_9130413
245 1 0 _aJorge el Guerrillero
_b: zarzuela en tres actos /
_coriginal y en verso de Calisto Navarro y Antonio Campoamor ; música de Antonio Rovira.
260 _aMadrid :
_b[s.n.],
_c1871 (
_fImp. Española)
300 _a61 p. ;
_c20 cm.
594 _aEstrenada en Madrid, en el Teatro de la Alhambra, la noche del 18 de setiembre de 1871.
700 1 _aCampoamor, Antonio.
_934229
700 1 _aRovira Viñas, Antonio.
_9100158
852 _aES-MaACL
_jF-8578(10)
_z- Enc. pasta española, falto de cub. original
_z- Enc. en un vol. facticio formando parte de la col. faciticia "Teatro español moderno", v. 31
999 _c160539
_d160539